Corporate Responsibility and Sustainable Development: an integrative perspective (Record no. 1308357)

MARC details
000 -LEADER
fixed length control field 01810nam a2200217 4500
005 - DATE AND TIME OF LATEST TRANSACTION
control field 20250401160915.0
008 - FIXED-LENGTH DATA ELEMENTS--GENERAL INFORMATION
fixed length control field 250401b |||||||| |||| 00| 0 eng d
020 ## - INTERNATIONAL STANDARD BOOK NUMBER
International Standard Book Number 9781647254483
037 ## - SOURCE OF ACQUISITION
Terms of availability Textual
040 ## - CATALOGING SOURCE
Original cataloging agency RTL
Transcribing agency RTL
084 ## - COLON CLASSIFICATION NUMBER
Classification number XM5:8 R3
Assigning agency RTL
245 ## - TITLE STATEMENT
Title Corporate Responsibility and Sustainable Development: an integrative perspective
260 ## - PUBLICATION, DISTRIBUTION, ETC.
Place of publication, distribution, etc. New York
Name of publisher, distributor, etc. NY Research Press
Date of publication, distribution, etc. 2023
300 ## - PHYSICAL DESCRIPTION
Extent vii, 251p.
Other physical details Includes bibliographical references and index
520 ## - SUMMARY, ETC.
Summary, etc. Corporate responsibility (CR) refers to the effect of an organization on the economy, society, and the environment. Sustainable development is referred to as the development that satisfies the requirements of the current generation without jeopardizing the capacity of future generations to satiate their needs. CR and sustainable development are related concepts, which directly impact corporate governance. Both of these emphasize on making efforts to protect, recycle and regenerate the environment. CR helps businesses in gaining loyalty and trust of their stakeholders by promising to generate profits in a sustainable manner. It aims to integrate environmental, economic and social obligations into business operations. It also aims to establish sustainable business growth and demonstrate a good influence on the consumers, environment, communities, employees, and shareholders. This book presents an integrative perspective on corporate responsibility and sustainable development. It is appropriate for those seeking detailed information in this area of study.
650 ## - SUBJECT ADDED ENTRY--TOPICAL TERM
Topical term or geographic name entry element Social responsibility of business
9 (RLIN) 35928
650 ## - SUBJECT ADDED ENTRY--TOPICAL TERM
Topical term or geographic name entry element Sustainable development
9 (RLIN) 438223
650 ## - SUBJECT ADDED ENTRY--TOPICAL TERM
Topical term or geographic name entry element Industries--Environmental aspects
9 (RLIN) 751698
700 ## - ADDED ENTRY--PERSONAL NAME
Personal name Jones, Bryce
Relator term Editor
9 (RLIN) 751699
942 ## - ADDED ENTRY ELEMENTS (KOHA)
Source of classification or shelving scheme Colon Classification (CC)
Suppress in OPAC No
Koha item type Textbook
Classification part XM5:8 R3

No items available.

Copyright @ Delhi University Library System